| 000 | 00518cam a2200181 a 4500 | ||
|---|---|---|---|
| 001 | 000018339 | ||
| 003 | DO-SdBNP | ||
| 005 | 20250702094959.0 | ||
| 008 | 930112s1993 nyu 000 f eng d | ||
| 040 |
_aDO-SdBNP _bspa _cBNPHU |
||
| 082 |
_a813.54 _bC712a |
||
| 100 | 1 |
_aCollins, Jackie, _d1909-1984 _939722 |
|
| 245 | 1 | 0 |
_aAmerican star : _ba love story / _cJackie Collins. |
| 260 |
_aNew York : _bPocket Books, _c1993. |
||
| 300 |
_a676, [677-678] p. ; _c18cm. |
||
| 490 | 1 | _aPocket Books fiction | |
| 942 |
_2ddc _cLBS1 |
||
| 999 |
_c17860 _d17860 |
||